<?xml version="1.0" encoding="UTF-8"?>
<collection xmlns="http://www.loc.gov/MARC21/slim">
 <record>
  <leader>01643nam a2200205Ia 4500</leader>
  <controlfield tag="001">CTU_227542</controlfield>
  <controlfield tag="008">210402s9999    xx            000 0 und d</controlfield>
  <datafield tag="082" ind1=" " ind2=" ">
   <subfield code="a">332.67352</subfield>
  </datafield>
  <datafield tag="082" ind1=" " ind2=" ">
   <subfield code="b">K79</subfield>
  </datafield>
  <datafield tag="100" ind1=" " ind2=" ">
   <subfield code="a">Kojima, Kiyoshi</subfield>
  </datafield>
  <datafield tag="245" ind1=" " ind2="0">
   <subfield code="a">Japanese direct foreign investment :</subfield>
  </datafield>
  <datafield tag="245" ind1=" " ind2="2">
   <subfield code="b">A model of multinational business operations</subfield>
  </datafield>
  <datafield tag="245" ind1=" " ind2="0">
   <subfield code="c">Kiyoshi Kojima</subfield>
  </datafield>
  <datafield tag="260" ind1=" " ind2=" ">
   <subfield code="a">Tokyo</subfield>
  </datafield>
  <datafield tag="260" ind1=" " ind2=" ">
   <subfield code="b">Charles E. Tutte company</subfield>
  </datafield>
  <datafield tag="260" ind1=" " ind2=" ">
   <subfield code="c">1978</subfield>
  </datafield>
  <datafield tag="520" ind1=" " ind2=" ">
   <subfield code="a">Direct foreign investment and the activities of multinational corporations are new dynamic elements in the international economy. This book identifies, theoretically and practically, a Japanese model of multinational business operations which has characteristics differing from the American or &quot;anti-trade oriented&quot; type, and casts light on important policy implications concerning direct foreign investment and multinational corporations. By developing a macroeconomic approach to direct foreign investment, instead of the prevalent explanation from the viewpoint of business administration and industrial organisation, this study adds to current knowledge of the multinational corporation. It endeavours to bridge the gap of separated treatments between international trade and foreign investment, and presents an integrated theory from the viewpoint of a dynamic reorganisation in the international division of labour. The book also includes two introductory surveys on the survey of international division of labour and foreign investment.</subfield>
  </datafield>
  <datafield tag="650" ind1=" " ind2=" ">
   <subfield code="a">Đầu tư, Nhật Bản,Investments, Japanese</subfield>
  </datafield>
  <datafield tag="910" ind1=" " ind2=" ">
   <subfield code="b">dqhieu</subfield>
  </datafield>
  <datafield tag="980" ind1=" " ind2=" ">
   <subfield code="a">Trung tâm Học liệu Trường Đại học Cần Thơ</subfield>
  </datafield>
 </record>
</collection>
